000 00716cam a2200181 i 4500
005 20251202101147.0
008 250721s2018 jo gr 000 0 ara d
020 _a9789957649562
082 1 4 _a214
_bم ن ص
100 1 _aمنصوري، سعاد
_eمؤلف.
245 1 0 _aمقاصد العقيدة الاسلامية من الكتاب والسنة :
_bمقدمات في التأسيس النظري والبيان العلمي.
_cالدكتورة سعاد منصوري.
264 3 1 _aعمان :
_bدار الجنان للنشر والتوزيع،
_c2018.
300 _a440صفحه.
650 1 7 _aالاسلام.
650 1 7 _aالعقيدة الدينيه.
942 _2ddc
_cBK
999 _c139934
_d139934